000 00389nam a2200133Ia 4500
005 20251222143307.0
008 251222s9999||||xx |||||||||||||| ||spa||
020 _a84-470-0325-6
082 _a342.536.7/M36
100 _aMedina Rubio, Ricardo
245 0 _aLa Función Constitucional de las Comisiones Parlamentarias de Investigación
264 _bUniversidad de Alicante
942 _cLIB
999 _c15565
_d15565